000 00563nam a2200229Ia 4500
003 GCL
008 140319s9999 xx 000 0 eng d
040 _aGCL /
_cGCL
082 0 4 _a332.1
_bB B
100 1 _aFAULKNER, SUE
245 1 0 _aBANK LENDING: BEYOND THE THEORY /
_cFAULKNER, SUE
700 1 _aBERRY, AIDAN
700 1 _aHVGHES, MARK
700 1 _aJARVIS, ROOBIN
260 _a[S.N] :
_bCHOPMAN & HALL ،
_c1993
300 _a249 P
650 0 4 _aBANKING
650 0 4 _aLENDING
650 0 4 _aBUSINESS
650 0 4 _aBANK LENDING
942 _2ddc
_cBK
999 _c17093
_d17093